85 Landmark Supreme court judgments: (Record no. 182044)

MARC details
000 -LEADER
fixed length control field 00762nam a22001937a 4500
005 - DATE AND TIME OF LATEST TRANSACTION
control field 20221018142527.0
020 ## - INTERNATIONAL STANDARD BOOK NUMBER
International Standard Book Number 9789390906642
Terms of availability 275.00
035 ## - SYSTEM CONTROL NUMBER
System control number B-746017
037 ## - SOURCE OF ACQUISITION
Source of stock number/acquisition Prabhat Exam
082 ## - DEWEY DECIMAL CLASSIFICATION NUMBER
Classification number 347.035
100 ## - MAIN ENTRY--PERSONAL NAME
Personal name Agrawal, P.K..
245 ## - TITLE STATEMENT
Title 85 Landmark Supreme court judgments:
Statement of responsibility, etc P.K.Agrawal
Remainder of title for UPSC civil services prelims, mains and interview, state PCS CLAT & Judiciary exams/
260 ## - PUBLICATION, DISTRIBUTION, ETC. (IMPRINT)
Place of publication, distribution, etc New Delhi
Name of publisher, distributor, etc Prabhat Prakashan
270 ## - ADDRESS
Address 4/19, Asaf Ali Road,
City New Delhi
Postal code 110002
300 ## - PHYSICAL DESCRIPTION
Extent 260p.
Dimensions 22cm(pbk)
500 ## - GENERAL NOTE
General note For upsc civil services prelims, mains and interview, state pcs, clat & judiciary exams
942 ## - ADDED ENTRY ELEMENTS (KOHA)
Source of classification or shelving scheme Dewey Decimal Classification
Item type English Books
Call number suffix AGR
Classification part 347.035
Holdings
Withdrawn status Lost status Not for loan Collection code Home library Current library Date acquired Source of acquisition Cost, normal purchase price Full call number Barcode Copy number Cost, replacement price Koha item type Public note
      Non-fiction Central Library Central Library 18/10/2022 6.10.22/Gift 275.00 347.035 AGR B-746017 1 275.00 English Books Gift

© Delhi Public Library
Hit Counter
free hit counter